01259cam a2200325 i 45000010008000000030009000080050017000170080041000340100017000750200011000920400023001030410008001260430012001340500019001460820017001651000029001822450090002112600065003013000027003664900092003936500027004856500030005126500036005427000036005788300093006149060045007079420012007529520152007649990017009162246132BDDh-ASL20231015031251.0770606s1975 bg b 000 0 eng  a 76902621  cTk5.00 aDLCcBDDh-ASLdDLC aeng aa-bg---00aHJ7239.B36bR400a364.133bRES1 aReddaway, William Brian.14aThe scale of smuggling out of Bangladesh /cby W. B. Reddaway and Md. Mizanur Rahman. aDacca :bBangladesh Institute of Development Studies,c1975. a22 p. :bmap ;c26 cm.1 aResearch report series - Bangladesh Institute of Development Studies ;vnew ser. no. 21 0aSmugglingzBangladesh. 0aRicexPriceszBangladesh. 0aJute fiberxPriceszBangladesh.1 aRahman, Mizanur,ejoint author. 0aResearch report series (Bangladesh Institute of Development Studies) ;vnew ser. no. 21. a7bcbccorignewd4encipf19gy-gencatlg 2ddccBK 00102ddc40708NFICaASLbASLcGENd2023-03-26eASB Library Collectionsl0o364.133 RESp120055r2023-03-26 00:00:00tC-1w2023-03-26yBKzY-1975 c31399d31399